000
00292nam a2200109Ia 4500
008
190907s9999||||xx |||||||||||||| ||und||
100
_a
Barthelemy, j.p.
245
0
_a
Algorithmic Complexity :And Communication Problems
260
_a
New york
_b
Prentice Hall
_c
1996
300
_a
256
942
_c
BK
999
_c
6288
_d
6288